00812 2200265 4500001002100000005001500021035002000036007000300056008004100059040001700100245011500117300003100232504002500263041000800288082001000296084001600306090002100322260008400343650002100427850001000448990002200458990002200480990002200502990002200524INLIS00000000000296220260529114746 a0010-1220000010ta260529 0  aSBPUPADbind aPedoman Pengelolaan Sampah Skala Rumah Tangga /cKementerian Lingkungan Hidup dan Kehutanan Republik Indonesia ai,36 hlm. :bilus. ;c21cm aBibliografi, hlm 340 aind a361.6 a361.6 PED p a361.6 PED p 12-5 a.--Panam :bKementrian Lingkungan Hidup dan Kehutanan Republik Indonesia,c2020 4aLingkungan Hidup aPUPAD a34.947/S/DPK/2020 a34.944/S/DPK/2020 a34.946/S/DPK/2020 a34.945/S/DPK/2020